| 000 | 00844nam a2200217 a 4500 | ||
|---|---|---|---|
| 001 | 000026351 | ||
| 005 | 20200930024523.0 | ||
| 008 | 110314s1990 dr 000 0 spa d | ||
| 040 |
_aDO-SdBNP _bspa _cBNPHU |
||
| 082 |
_axxx _bB582m |
||
| 245 | 0 | 0 |
_aBibliografía médica dominicana : _bíndice de literatura convencional y no convencional / _cCompiladores Manuel de Jesús Roa Santana, Lucero Arboleda de Roa. |
| 260 |
_aSanto Domingo : _bCentro de Documentación en Salud " DR. Rogelio Lamarche Soto", _c1990. |
||
| 300 |
_a282 p. ; _c23 cm. |
||
| 490 | 1 |
_aBibliográfica _vno. 8 |
|
| 500 | _aIncluye índice analíticos y de autores | ||
| 500 | _aSegunda entrega | ||
| 700 | 1 |
_aRoa Santana, Manuel de Jesús, _ecomp. _931309 |
|
| 700 | 1 |
_aArboleda de Roa, Lucero, _ecomp. _931310 |
|
| 830 | 0 |
_aBibliográfica _nno. 8 _953376 |
|
| 049 | _aBNPD | ||
| 999 |
_c25843 _d25843 |
||